Tilastot visalle ARV_A PUU_TU_AT K_RJAIM_T

Klikkaa tästä pelataksesi tätä visaa!

Yleistilastot

  • Tätä visaa on pelattu 792 kertaa
  • Keskiarvotulos 12 / 20

Vastaustilastot

KirjaimetValtio% Oikein
S_ _ _ISUOMI
86%
S_ _ _ASAKSA
82%
I_ _ _ _AITALIA
79%
J_ _ _ _IJAPANI
75%
I_ _ V _ _ _AITÄVALTA
74%
N_ U _UNAURU
74%
H_ I _IHAITI
73%
O_ _NOMAN
70%
N_ _ _RNIGER
69%
T_ _OTOGO
69%
E_ _ _ P _AETIOPIA
66%
V_ _ E _ _ _ _AVENEZUELA
65%
B_ _ I _ _ABOLIVIA
55%
M_ _ O _ _OMAROKKO
55%
A_ _ _ R _ _ _AAUSTRALIA
50%
P_ _ _UPALAU
47%
P_ _ I _ _ _NPAKISTAN
44%
T_ _ _ATONGA
42%
K_ _ A _AKANADA
39%
T_ A _ _ _ ATHAIMAA
34%

Tulosjakauma

Persentiili vastausten määrän mukaan

Jokaisen tuloksen saaneiden osuus

Tuloshistoriasi

Et ole pelannut tätä visaa